| 000 | 00578nam a22002057a 4500 | ||
|---|---|---|---|
| 005 | 20230325091111.0 | ||
| 008 | 131103s9999 xx 000 0 und d | ||
| 020 |
_a8186134603 _cRs.120 |
||
| 040 |
_aLoreto College _beng |
||
| 041 | _aEnglish | ||
| 082 |
_a891.443 _bBHA |
||
| 100 | _aBhattacharya, Jagadish | ||
| 245 |
_aAamar kaler kayekjan kathashilpi _cJagadish Bhattacharya |
||
| 260 |
_aKolkata _bBharavi _c2007 |
||
| 300 | _a232p | ||
| 650 |
_aFiction in Bengali _vHistory and criticism |
||
| 651 | _aBengali fiction - Criticism | ||
| 850 | _aLCLIB | ||
| 942 | _cBK | ||
| 999 |
_c36164 _d86643 |
||